000 01238cam a2200325 a 4500
005 20260322212020.0
008 data
010 _a 2010003396
020 _a9781601631145
020 _a1601631146
020 _z9781601637437 (ebook)
020 _a1601637438 (ebook)
020 _a9781601637437 (ebook)
037 _a1309762
_bQBI
040 _aDLC
_cDLC
_dDLC
_dBTCTA
_dVKC
_dYDXCP
_dZAD
_dDLC
050 0 0 _aHF5549.5.I6
_bD383 2010
082 0 0 _a650.14/4
_222
092 _a650.14 D383 2010
100 1 _aDavis, Brian,
_d1970-
245 1 0 _aTop notch interviews :
_btips, tricks, and techniques from the first call to getting the job you want /
_cBrian Davis.
260 _aFranklin Lakes, NJ :
_bCareer Press,
_cc2010.
300 _a218 p. ;
_c23 cm.
500 _aIncludes index.
650 0 _aEmployment interviewing.
650 0 _aJob hunting.
906 _a7
_bcbc
_corignew
_d1
_eecip
_f20
_gy-gencatlg
925 0 _aacquire
_b2 shelf copies
_xpolicy default
955 _wrd05 2010-02-12
_frg05 2010-07-28 Z-CipVer (telework)
_tre03 2010-08-19 copy 2 added
001 data
999 _c439
_d439